New Zealand All Blacks Rugby - Most tries by an opponent by country - Statistics

General Stats
  • This quiz has been taken 56 times
    13 since last reset
  • The average score is 3 of 15
Answer Stats
Tries Country Player % Correct
8 South Africa Bryan Habana
82%
3 Ireland Brian O'Driscoll
73%
9 Australia Adam Ashley-Cooper
36%
3 France Serge Blanco
27%
2 Wales Geoffrey Jones
18%
3 France Philippe Saint-Andre
9%
1 Tonga Sona Taumalolo
9%
3 Ireland Conor Murray
0%
2 Canada Conor Trainor
0%
3 Argentina Emiliano Boffelli
0%
2 Japan Hiroyuki Kajihara
0%
3 Argentina Lisandro Arbizu
0%
1 Romania Marius Tincu
0%
2 Fiji Norman Ligairi
0%
1 Tonga Pierre Hola
0%
No matching quizzes found
Score Distribution
Percent of People with Each Score
Percentile by Number Answered
Your Score History
You have not taken this quiz since the last reset